000 01562nam0a22003131 4500
001 rc\3636376
005 20250610085328.0
021 _aRU
_b[75-17243]
035 _a(NLR Aleph) 007827241
090 _a7763429
_c7763429
100 _a20130115d1974 |||y0rusy50 ca
101 0 _arus
102 _aRU
105 _ay z |||||
200 1 _aМетодические рекомендации по расчету оптимальной структуры системы управления шахтой
_fМ-во угольной пром-сти СССР. План.-экон. упр. Всесоюз. науч.-исслед. ин-т управления угольной пром-сти "ВНИИуголь"
210 _aМосква
_cБ. и.
_d1974
215 _a43 с.
_d20
300 _aНа обороте тит. л.: исполн. д-р техн. наук П.В. Авдулов, канд. техн. наук Л.А. Эмиров, инж. А.Б. Баскаков и др.
320 _aСписок лит.: с. 41-42 (7 назв.)
606 _aУгольные шахты
_xУправление
_xМатематические методы
_2psbo
702 1 _aЭмиров
_bД.А.
_4570
702 1 _aАвдулов
_bП.В.
_gПавел Владимирович
_4570
702 1 _aБаскаков
_bА.Б.
_4570
712 0 2 _aВсесоюзный науч.-исслед. ин-т управления угольной пром-сти
801 0 _aRU
_bNLR
_gpsbo
801 1 _aRU
_bELAR
_2rusmarc
852 _aNLR
_j75-4/1651
942 _cBOOK
980 _aNB